00482nam a2200109Ia 4500008004100000050002300041100002500064245016200089260008600251300002000337521001500357140724s9999 xx 000 0 und d aBF 481b.F363 2009 aFernandez, Francina. aPersonality profile of selected first-year college students in Southville International School and Colleges, second semester 2008-2009 /cFrancina Fernandez. aLas Piñas, Philippines :bSouthville International School and Colleges,cc2009. a46 p. :c28 cm. aPsychology